1528 1602 1129 1297 1992 1707 1006 1394 1628 1903 1870 1874 1251 1495 1746 1785 1989 1269 1961 1732 1037 1726 1937 1049 1091 1865 1043 1442 1993 1428 1382 1010 1598 1489 1847 1511 1659 1929 1356 1160 1931 1408 1763 1268 1788 1492 1908 1541 1783 1064 1251 1514 1812 1505 1420 1614 1690 1323 1872 1207 1287 1829 1201 1701 1401 1614 1341 1561 1570 1319 1731 1340 1956 1873 1255 1486 1778 1737 1686 1965 1203 1738 1706 1696 1365 1266 1950 1516 1270 1732 1467 1067 1534 1225 1241 1306 1768 1990 1343 BCNSPRNW ULIB Ver.6.0+V

เปลี่ยนเป็นภาษาไทย

Change to English
 แสดงรายละเอียดบรรณานุกรม
  กลับหน้าหลัก

Brief Record : Get Marc (ISO 2709) : E-mail record : QR code < ปิดหน้าต่าง
LEADER : 00000nam 2200000uu 4500
001    13399122692
003     ULIB
008    130902s2552||||th 000 0 tha d
020    ^a9786167063034
050 04 ^aN5334^bศ721W
100 0  ^aศุภลักษณ์ สนธิชัย
245 10 ^aสุดยอดสิ่งมหัศจรรรย์ของโลก=^bWonder of the world /^cศุภลักษณ์ สนธิชัย
246 31 ^aWonder of the world
250    ^aพิมพ์ครั้งที่ 2
260    ^aกรุงเทพฯ :^bอทิตตา,^c2552
300    ^a277 หน้า ;^bภาพประกอบสี
650  7 ^aสิ่งมหัศจรรย์ ^xหนังสือภาพ
650  7 ^aประวัติศาสตร์ของโลก
945    ^p550^l0^i16622
995    ^aทศพร
999    ^aทศพร เกษรทอง
รายการนี้ยังไม่มีแท็ก
คุณยังไม่ได้ล็อกอิน คุณสามารถมีกิจกรรมร่วมกับเว็บไซต์ได้ แต่ต้องล็อกอินก่อน ::
  ล็อกอิน

รายการสื่อสารสนเทศ

ลำดับที่ ประเภท เลขเรียก/บาร์โค้ด สถานที่ สถานะ
1. การศึกษาทั่วไป
การศึกษาทั่วไป
N5334 ศ721W ฉ.1 
  Barcode: 16622
ห้องสมุดวิทยาเขตนครสวรรค์
►หนังสือทั่วไป:l:General Books
บนชั้น

รายการใกล้เคียง
    ผู้แต่ง [ศุภลักษณ์ สนธิชัย]

    หัวเรื่อง [สิ่งมหัศจรรย์ หนังสือภาพ]
    หัวเรื่อง [ประวัติศาสตร์ของโลก]

BibComment


ยังไม่เคยถูกคอมเมนท์

คอมเมนท์ทรัพยากรรายการนี้
  คอมเมนท์: สุดยอดสิ่งมหัศจร..


 Copyright 2026. Bcnsprnw @Library